| 000 | 00502nam a2200193 a 4500 | ||
|---|---|---|---|
| 001 | sa 68001801 | ||
| 003 | DLC | ||
| 005 | 20260227112437.0 | ||
| 008 | 980326s1967 ii 000 0 mar | ||
| 010 | _asa 68001801 | ||
| 040 |
_aDLC _cDLC |
||
| 050 | 0 | 0 |
_aPL4758.9.S4 _bK3 |
| 100 | 2 | _aCētu Ammāḷ, Ku. Pa. | |
| 245 | 1 | 0 |
_aKalpanā̲ / _cKu. Pa. Cētu Ammaāl. |
| 260 |
_aCen̲n̲ai : _bKuyilan̲ Patippakam, _c[1967] |
||
| 300 |
_a140 p. ; _c18 cm. |
||
| 500 | _aA novel. | ||
| 546 | _aIn Tamil. | ||
| 999 |
_c78235 _d78235 |
||